El régimen constitucional argentino
Đã lưu trong:
| Những tác giả chính: | , , , |
|---|---|
| Định dạng: | Sách |
| Ngôn ngữ: | Tiếng Tây Ban Nha |
| Được phát hành: |
Mendoza
Universidad de Mendoza
1977
|
| Những chủ đề: | |
| Các nhãn: |
Thêm thẻ
Không có thẻ, Là người đầu tiên thẻ bản ghi này!
|
MARC
| LEADER | 00000nam a2200000 a 4500 | ||
|---|---|---|---|
| 001 | UCT9691 | ||
| 003 | CL-VaPUC | ||
| 008 | 970411e19771100AG |||||||||||||||||spa|d | ||
| 082 | 0 | 4 | |a 342.82 |b BID |2 21 |
| 100 | |a Bidart Campos, Germán J |e author |9 382611 | ||
| 700 | 0 | |a Vanossi, Jorge Reinaldo |e author |9 382612 | |
| 700 | 0 | |a Pérez Guilhou, Dardo |e author |9 382613 | |
| 700 | 0 | |a Calderón, Raúl E |e author |9 382614 | |
| 245 | 1 | 3 | |a El régimen constitucional argentino |
| 300 | |a 121 p | ||
| 942 | |c BK | ||
| 945 | |d 19970411 00:00:00 |a paguirre | ||
| 260 | |a Mendoza |b Universidad de Mendoza |c 1977 | ||
| 650 | 0 | |a Constituciones |9 255417 | |
| 650 | 0 | |a Derecho constitucional |9 222588 | |
| 650 | 7 | |a SISTEMAS POLITICOS |2 CL-VaPUC |9 382615 | |
| 650 | 0 | |a Democracia |9 255256 | |
| 650 | 0 | |a Poder político |9 255509 | |
| 650 | 0 | |a Historia constitucional |9 256052 | |
| 651 | 0 | |a Argentina |9 254888 | |
| 583 | |a last modification |c 19970411 00:00:00 |k Rodrigo Vera | ||
| 999 | |c 258070 |d 258068 | ||
| 952 | |0 0 |1 0 |4 0 |6 342_820000000000000_BID_1977 |7 0 |8 A |9 281859 |a BIBDER |b BIBDER |d 2019-11-19 |i 1828711 |o 342.82 BID 1977 |p 1828711 |r 2023-01-25 |w 2019-11-19 |y BK |k DER | ||